علوم الحديث ومصطلحه :عرض ودراسة ;; Ulūm al-Ḥadīth wa-muṣṭalaḥuhu : (Record no. 80590)
[ view plain ]
| 000 -LEADER | |
|---|---|
| fixed length control field | 00900nam a2200253 a 4500 |
| 001 - CONTROL NUMBER | |
| control field | 78143 |
| 003 - CONTROL NUMBER IDENTIFIER | |
| rucl marc code | BD-RjUL |
| 005 - DATE AND TIME OF LATEST TRANSACTION | |
| control field | 20221023110000.0 |
| 008 - FIXED-LENGTH DATA ELEMENTS--GENERAL INFORMATION | |
| fixed length control field | 210328s1971 le b 001 0 ara d |
| 035 ## - SYSTEM CONTROL NUMBER | |
| System control number | (BD-RjUL)78369 |
| 040 ## - CATALOGING SOURCE | |
| Modifying agency | UkOxU |
| Original cataloging agency | BD-RjUL |
| Language of cataloging | eng |
| Transcribing agency | BD-RjUL |
| 041 ## - LANGUAGE CODE | |
| Language code of text/sound track or separate title | ara |
| 066 ## - CHARACTER SETS PRESENT | |
| Alternate G0 or G1 character set | (3 |
| 082 ## - DEWEY DECIMAL CLASSIFICATION NUMBER | |
| Edition number | 23 |
| Classification number | 297.12516 |
| Author mark and year | SAU 1959 |
| 100 1# - MAIN ENTRY--PERSONAL NAME | |
| Linkage | 880-01 |
| Personal name | Ṣāliḥ, Ṣubḥī. |
| 9 (RLIN) | 246628 |
| 245 10 - TITLE STATEMENT | |
| Title | علوم الحديث ومصطلحه :عرض ودراسة ;; Ulūm al-Ḥadīth wa-muṣṭalaḥuhu : |
| Remainder of title | arḍ wa dirāsah / |
| Statement of responsibility, etc. | صبحي الصالح ;; Ṣubḥī al-Ṣāliḥ. |
| 250 ## - EDITION STATEMENT | |
| Edition statement | al-Ṭabʿah 2 |
| 260 ## - PUBLICATION, DISTRIBUTION, ETC. (IMPRINT) | |
| Place of publication, distribution, etc. | دمشق : |
| Name of publisher, distributor, etc. | مطبعة جامعة ; |
| Date of publication, distribution, etc. | 1963 |
| 300 ## - PHYSICAL DESCRIPTION | |
| Pagination | 328 p. ; |
| Size | 23 cm. |
| 504 ## - BIBLIOGRAPHY, ETC. NOTE | |
| Bibliography, etc | Includes bibliographical references and indexes. |
| 650 #0 - SUBJECT ADDED ENTRY--TOPICAL TERM | |
| Topical term or geographic name as entry element | Hadith |
| General subdivision | Criticism, interpretation, etc. |
| 9 (RLIN) | 246629 |
| Topical term or geographic name as entry element | Hadith |
| General subdivision | Hermeneutics. |
| 9 (RLIN) | 246630 |
| 942 ## - ADDED ENTRY ELEMENTS (KOHA) | |
| Source of classification or shelving scheme | Dewey Decimal Classification |
| Koha item type | Books |
| Lost status | Source of classification or shelving scheme | Damaged status | Not for loan | Collection code | Permanent Location | Current Location | Shelving location | Date acquired | Total Checkouts | Full call number | Date last seen | Copy number | Koha item type |
|---|---|---|---|---|---|---|---|---|---|---|---|---|---|
| Dewey Decimal Classification | Not For Loan | Non-fiction | Central Library, University of Rajshahi | Central Library, University of Rajshahi | Reading Room | 23/10/2022 | A 297.12516 SAU 1963 | 23/10/2022 | C-1 | Books |